Orbis Sensualium Pictus : Joh. Amos Comenii Orbis Sensualium Pictus Quadrilinguis. Hoc est: Omnium fundamentalium, in mundo rerum, & in vita actionum, Pictura (et) Nomenclatura Latina, Germanica, Hungarica, & Bohemica. Cum Titulorum juxta atq; Vocabulorum indice. Die sichtbare Welt in Vier Sprachen. Das ist: Aller vornehmsten Welt=Dinge/ und Lebens=Verrichtungen/ Vorbildung/ und/ Lateinische/ Deutsche/ Ungrische und Böhmische Benamung. Sampt einen Titel= und Wörter=Register. A' Láthato Világ négyféle nyelven. az az: Minden derekassab ez világon lévö dolgoknak és ez életben való cselekedeteknek le-ábrázolása és Deák, Német, Magyar és Tót, meg-nevezése, a' fellyülvaló irásoknak és szóknak laystromával. Swět Wyditedlny. Obmalowaný/ a w čtwerakem gazýku předstaweny. t.g. Wssech negobzwlasstnegssich Swěta=wěcy/ a skutkůw=žiwota odmalowanj/ a gazykem Latinskym/ Německym/ Uherskym y Slowenskym/ gmenowanj/ s přidanym Slow y Titulůw Registrem.
| Hlavný autor: | |
|---|---|
| Korporácia: | , , , , |
| Ďalší autori: | , |
| Médium: | Kniha |
| Jazyk: | German Hungarian Latin Slovak |
| Vydané: |
Leutschoviae : Praha : Bratislava :
Typis Samuelis Brewer ; Státní pedagogické nakladatelství : Vytiskla Svoboda ; Slovenské pedagogické nakladateľstvo,
Anno 1685 [s. a.]
|
| Témy: | |
| Signatúra: | IV.138097 |
| LEADER | 03997nam a2200541 a 4500 | ||
|---|---|---|---|
| 001 | 000000930 | ||
| 005 | 20190129135232.0 | ||
| 008 | 050727s1685 xo e ger | ||
| FMT | |||
| 040 | |a SVKKK |b slo |c SVKKK |e AACR2 | ||
| 041 | 0 | |a ger |a hun |a lat |a slo | |
| 044 | |a xo |c SK | ||
| 080 | |a 81`374.823=124=511.141=112.2=162.4 | ||
| 100 | 1 | |a Komenský, Jan Amos, |d 1592-1670 |4 aut | |
| 245 | 1 | 0 | |a Orbis Sensualium Pictus : |b Joh. Amos Comenii Orbis Sensualium Pictus Quadrilinguis. Hoc est: Omnium fundamentalium, in mundo rerum, & in vita actionum, Pictura (et) Nomenclatura Latina, Germanica, Hungarica, & Bohemica. Cum Titulorum juxta atq; Vocabulorum indice. Die sichtbare Welt in Vier Sprachen. Das ist: Aller vornehmsten Welt=Dinge/ und Lebens=Verrichtungen/ Vorbildung/ und/ Lateinische/ Deutsche/ Ungrische und Böhmische Benamung. Sampt einen Titel= und Wörter=Register. A' Láthato Világ négyféle nyelven. az az: Minden derekassab ez világon lévö dolgoknak és ez életben való cselekedeteknek le-ábrázolása és Deák, Német, Magyar és Tót, meg-nevezése, a' fellyülvaló irásoknak és szóknak laystromával. Swět Wyditedlny. Obmalowaný/ a w čtwerakem gazýku předstaweny. t.g. Wssech negobzwlasstnegssich Swěta=wěcy/ a skutkůw=žiwota odmalowanj/ a gazykem Latinskym/ Německym/ Uherskym y Slowenskym/ gmenowanj/ s přidanym Slow y Titulůw Registrem. |
| 260 | |a Leutschoviae : |b Typis Samuelis Brewer ; |c Anno 1685 |a Praha : |b Státní pedagogické nakladatelství : |b Vytiskla Svoboda ; |a Bratislava : |b Slovenské pedagogické nakladateľstvo, |c [s. a.] | ||
| 300 | |a [28],313,[133],[32] s. [14],A/4-Z/4,Aa/4-Zz/4,Aaa/4-Iii/4,Kkk/3,[16] [=253] list. |b 153 ilustr. |c 4°. 22,5x17 cm | ||
| 500 | |a Reprint. | ||
| 500 | |a Bubenka Jonáš zistený z bibliografie (Knihopis českých a slovenských tisků), bol aj rytcom, jeho signum "B" sa nachádza na drevoreze na s. 12. | ||
| 500 | |a Vinety ornam., vinety ornam.-fig., linky ozdobné, linky, inic. s ornam. pozadím vo voľ. priestore na 5 r., verz. vo voľ. priestore na 3 r., 153 drevorezov viažúcich sa k vysvetľovaným pojmom, typograf. ozdoby, kustódy, na zl. A/1b-Rr/1a tlač štvorstĺpcová, na zl. Rr/1b-Kkk/3 tlač trojstĺpcová. | ||
| 504 | |a Na zl. Rr/1b-Kkk/3 register predmetový. | ||
| 508 | |a Na s. [5-27] úvody autora v jaz. lat., nem., maď., slov. Na konci reprintu s. [1-30] epilóg J. Popelovej o živote a diele Komenského v jaz. čes., rus., nem., angl., franc. s poznámkovým aparátom a edičnou poznámkou. | ||
| 510 | 4 | |a Szabó RMK I/545; Podmanická I/467; Rizner II/409; Dokoupil 92/341; Čaplovič 1441; Soupis děl J. A. Komenského č. 580; Knihopis IV/4244; Dóczy I/133. | |
| 561 | |a Peč.: Štátna vedecká knižnica v Košiciach; Dokumentační středisko provozně ekonomické fakulty VŠZ v Praze Praha 6, Technická 1903. | ||
| 563 | |a Novodobá - lepenka, béžové plátno s rámcovou ornam.-link. slepotlačou, na pred. doske zlát. text "Orbis Sensualium Pictus", na chrbáte zlát. text "Orbis Sensualium Pictus SPN" | ||
| 653 | 1 | |a latinčina | |
| 653 | 1 | |a maďarčina | |
| 653 | 1 | |a nemčina | |
| 653 | 1 | |a slovenčina | |
| 653 | 2 | |a viacjazyčné slovníky | |
| 653 | 2 | |a obrazové slovníky | |
| 700 | 1 | |a Komenský, Jan Amos, |d 1592-1670 |4 aui | |
| 700 | 1 | |a Bubenka, Jonáš, |d 1650-1705 |4 egr | |
| 700 | 1 | |a Popelová, Jiřina, |d 1904-1985 |4 aui | |
| 710 | 0 | |a Brewer, Samuel |c Levoča |d 1665-1699 |4 prt | |
| 710 | 0 | |a Státní pedagogické nakladatelství |c Praha |4 pbl | |
| 710 | 0 | |a Slovenské pedagogické nakladateľstvo |c Bratislava |4 pbl | |
| 710 | 0 | |a Svoboda |c Praha |4 prt | |
| 710 | 0 | |a Dokumentační středisko provozňe ekonomické fakulty VŠZ |c Praha |4 sgn | |
| 752 | |a Slovensko |d Levoča | ||
| 852 | |p IV.138097 | ||
| 904 | |a acf-y----fa------yyya-0001-- | ||
| 905 | |a df-c0bb- | ||
| 910 | |a svkkk | ||
| 997 | |a Comenius, Joh. Amos p. Komenský, Jan Amos |4 aut |4 aui | ||
| 997 | |a B p. Bubenka, Jonáš |4 egr | ||
| 998 | |a SLOV | ||
| BAS | |||